Arsenal 2025/2026 Kader - Statistiken

Allgemein
  • Dieses Quiz wurde 52 mal gespielt
  • Das Durchschnittsergebnis liegt bei 17 aus 24
Antwortstatistiken
Position Land Tikotnummer Alter Spieler % Korrekt
Tw Spanien 1 30 Raya David
95%
Att Deutschland 29 26 Havertz Kai
90%
Ver Frankreich 2 24 Saliba William
90%
Ver Brasilien 6 28 Gabriel
88%
Att Brasilien 9 28 Gabriel Jesus
88%
Mit England 41 27 Rice Declan
88%
Att England 7 24 Saka Bukayo
88%
Mit Norwegen 8 27 Odegaard Martin
85%
Trainer Spanien -------------- 43 Arteta Mikel
83%
Ver Italien 33 23 Calafiori Riccardo
83%
Ver England 4 28 White Ben
83%
Att Brasilien 11 24 Martinelli Gabriel
80%
Ver Ecuador 5 24 Hincapie Piero
78%
Att Schweden 14 27 Gyökeres Viktor
73%
Mit Spanien 23 29 Merino Mikel
73%
Ver Niederlande 12 24 Timber Jurrien
71%
Mit Spanien 36 27 Zubimendi Martin
66%
Mit England 10 27 Eze Eberechi
63%
Ver England 49 19 Lewis-Skelly Myles
59%
Att England 20 23 Madueke Noni
46%
Ver Spanien 3 21 Mosquera Cristhian
46%
Mit Dänemark 16 31 Norgaard Christian
41%
Mit England 56 16 Dowman Max
37%
Att Belgien 19 31 Trossard Leandro
5%
Keine übereinstimmenden Quizze gefunden
Verteilung der Resultate
Anzahl Personen mit jedem Resultat
Perzentil nach korrekt beantworteten Fragen
Ihre Resultats-Entwicklung
Sie haben dieses Quiz noch nicht gespielt